000 00402nam a2200157 i 4500
001 bg
100 1 _aDOBRZYCKI, Jan
245 0 _aAutomatyzacja w przemyśle cukierniczym /
_cJan Dobrzycki.
260 _aWarszawa,
_c1974.
650 9 _aCukrownictwo
_xprzemysł
_xautomatyzacja
040 _cBPK
041 _apol
080 _a664.1:62-5
942 _cKS
008 s pl f |000 0 pol
999 _c26475
_d26475
856 _uhttp://koha.tu.koszalin.pl/cgi-bin/koha/opac-detail.pl?biblionumber=26475
_yKatalog online BPK